| 000 | 00924cam a2200145ua 4500 | ||
|---|---|---|---|
| 041 |
_aeng _h |
||
| 082 |
_a627.8 _bIND/GL |
||
| 110 | 1 |
_aIndian standards institution . _bISI _c() |
|
| 245 |
_aGlossary of terms relating to river valley projects:Part-8 Dams and dam sections,IS:4410-1968 / _cIndian standards institution. _hTextual Documents |
||
| 260 |
_a : _bISI , _c1980. |
||
| 300 | _a30 ; . | ||
| 504 | _a | ||
| 942 | _cBK | ||
| 999 |
_c4365 _d4365 |
||